[Event "Taujenai-ch rapid"]
[Site "Taujenai"]
[Date "2023.10.29"]
[Round "9"]
[White "Eigminas, Kipras"]
[Black "Raugevicius, Matas"]
[Result "1/2-1/2"]
[WhiteElo "2149"]
[BlackElo "1969"]
[PlyCount "97"]
[EventDate "2023.10.28"]
[EventType "swiss (rapid)"]
[EventRounds "10"]
[EventCountry "LTU"]
[SourceTitle "Mega2024 Update 01"]
[Source "Chessbase"]
[SourceDate "2023.11.12"]
[SourceVersion "1"]
[SourceVersionDate "2023.11.12"]
[SourceQuality "1"]

1. e4 e5 2. Nf3 Nc6 3. Bb5 Nf6 4. d3 Bc5 5. c3 d6 6. 0-0 0-0 7. h3 Bb6 8. Nbd2 Ne7 9. d4 c6 10. Bd3 Ng6 11. Nc4 Bc7 12. Be3 d5 13. Ncd2 dxe4 14. Nxe4 Nxe4 15. Bxe4 Qe7 16. Bxg6 hxg6 17. dxe5 Bxe5 18. Nxe5 Qxe5 19. Qf3 Be6 20. Bd4 Qf5 21. Qe3 Rfe8 22. Rfe1 Bd7 23. Qg3 c5 24. Be3 Bc6 25. Qg5 Qxg5 26. Bxg5 f6 27. Be3 b6 28. Rad1 Rad8 29. Kh2 Kf7 30. Kg3 g5 31. b4 cxb4 32. cxb4 Rxd1 33. Rxd1 Re7 34. Rc1 Bd5 35. a3 Rb7 36. f3 Ke6 37. Kf2 Kd6 38. Bd4 Rc7 39. Rxc7 Kxc7 40. Ke3 a5 41. bxa5 bxa5 42. Bc5 Kd7 43. g3 Ke6 44. h4 gxh4 45. gxh4 a4 46. Kf4 g6 47. Bd4 Bc4 48. Bc3 Bd5 49. Bd4 1/2-1/2

[Event "Taujenai-ch rapid"]
[Site "Taujenai"]
[Date "2023.10.28"]
[Round "5"]
[White "Povilaitis, Matas Arunas"]
[Black "Eigminas, Kipras"]
[Result "0-1"]
[WhiteElo "1873"]
[BlackElo "2149"]
[PlyCount "130"]
[EventDate "2023.10.28"]
[EventType "swiss (rapid)"]
[EventRounds "10"]
[EventCountry "LTU"]
[SourceTitle "Mega2024 Update 01"]
[Source "Chessbase"]
[SourceDate "2023.11.12"]
[SourceVersion "1"]
[SourceVersionDate "2023.11.12"]
[SourceQuality "1"]

1. d4 d5 2. Bf4 Nf6 3. e3 e6 4. Nf3 Bd6 5. Ne5 c5 6. Bb5+ Ke7 7. Be2 Nc6 8. c3 Qc7 9. Nd3 b6 10. Na3 Ba6 11. dxc5 bxc5 12. Nxc5 Bxe2 13. Qxe2 Bxf4 14. exf4 Qxf4 15. 0-0 Rhc8 16. h3 Kf8 17. Qxe6 Ne5 18. Qd6+ Kg8 19. Kh1 Rc6 20. Nd3 Rxd6 21. Nxf4 Rb8 22. b3 Ne4 23. Rac1 g5 24. Ne2 Nd3 25. Rc2 Ndxf2+ 26. Kg1 Nd3 27. Nd4 a6 28. Nb1 Rc8 29. Nf5 Re6 30. Rd1 Nb4 31. Re2 Nxc3 32. Nxc3 Rxc3 33. Rxe6 fxe6 34. Nd4 Re3 35. Rc1 Kf7 36. Rc7+ Kf6 37. a3 Nd3 38. Rxh7 Nf4 39. Ra7 Rd3 40. Nf3 Rxb3 41. Rxa6 Rb2 42. a4 Rxg2+ 43. Kf1 Ra2 44. Nd4 Ke5 45. Nb3 Nxh3 46. a5 Nf4 47. Rb6 Ke4 48. Nc5+ Kf3 49. Rb3+ Kg4 50. a6 Ra5 51. Rc3 d4 52. Rc4 Kf3 53. Ke1 e5 54. Ra4 Rxc5 55. a7 Rc8 56. a8Q+ Rxa8 57. Rxa8 e4 58. Rd8 d3 59. Kd2 e3+ 60. Kd1 g4 61. Ke1 g3 62. Kf1 g2+ 63. Kg1 Ne2+ 64. Kh2 g1Q+ 65. Kh3 Qg3# 0-1

[Event "Vienna Ottakring 100 Years"]
[Site "Vienna"]
[Date "2023.09.02"]
[Round "8"]
[White "Chitlange, Sakshi"]
[Black "Eigminas, Kipras"]
[Result "1-0"]
[WhiteElo "2239"]
[BlackElo "2085"]
[PlyCount "59"]
[EventDate "2023.08.26"]
[EventType "swiss"]
[EventRounds "9"]
[EventCountry "AUT"]
[SourceTitle "EXT 2024"]
[Source "ChessBase"]
[SourceDate "2023.10.10"]
[SourceVersion "1"]
[SourceVersionDate "2023.10.10"]
[SourceQuality "1"]

1. d4 Nf6 2. c4 c5 3. d5 g6 4. Nc3 Bg7 5. e4 0-0 6. Bd3 d6 7. Nge2 e6 8. 0-0 exd5 9. cxd5 Re8 10. Ng3 h5 11. Bg5 a6 12. a4 Nbd7 13. h3 Qc7 14. Re1 b6 15. Rc1 Rb8 16. Kh1 Nh7 17. Be3 c4 18. Nce2 b5 19. b3 c3 20. axb5 axb5 21. b4 h4 22. Nf1 Nb6 23. Bd4 Nc4 24. Bxg7 Kxg7 25. Nxc3 Bd7 26. Nxb5 Rxb5 27. Rxc4 Qb6 28. Qd2 Rb8 29. Rb1 Nf6 30. Ne3 1-0

[Event "LTU-ch Rapid"]
[Site "Taujenai"]
[Date "2022.12.04"]
[Round "10"]
[White "Valantiejus, Vaidotas"]
[Black "Eigminas, Kipras"]
[Result "1/2-1/2"]
[WhiteElo "2023"]
[BlackElo "2125"]
[PlyCount "138"]
[EventDate "2022.12.03"]
[EventType "swiss (rapid)"]
[EventRounds "10"]
[EventCountry "LTU"]
[SourceTitle "CBM 211 Extra"]
[Source "ChessBase"]
[SourceDate "2023.01.31"]
[SourceVersion "1"]
[SourceVersionDate "2023.01.31"]
[SourceQuality "1"]

1. e4 e6 2. d4 d5 3. Nd2 c5 4. Ngf3 cxd4 5. Nxd4 Nc6 6. Bb5 Bd7 7. Nxc6 bxc6 8. Bd3 Bd6 9. Qe2 e5 10. exd5 cxd5 11. c4 Nf6 12. cxd5 Nxd5 13. Nf3 Qe7 14. 0-0 Nf4 15. Bxf4 exf4 16. Qd2 0-0 17. Rad1 Be6 18. Bxh7+ Kxh7 19. Qxd6 Qxd6 20. Rxd6 Bxa2 21. Rd4 Rfb8 22. b4 f6 23. Rxf4 Rb7 24. Ra1 Rc8 25. h4 Rc2 26. Ne1 Rd2 27. Nf3 Rb2 28. Rd4 Be6 29. Ra6 Bc8 30. Rc6 Bd7 31. Ra6 Bb5 32. Re6 Rc7 33. Nd2 Rc1+ 34. Kh2 Rcc2 35. Red6 a6 36. g4 Bc6 37. Kg3 Rc3+ 38. f3 Rbc2 39. h5 Rc1 40. Ne4 Rb3 41. Nd2 Re3 42. Rd3 Ree1 43. Kf4 Bb5 44. R3d4 Rc2 45. Kg3 Rc3 46. Re4 Rxe4 47. Nxe4 Rc4 48. Rb6 Rxb4 49. Nd6 Kh6 50. Rb7 Rb3 51. Nf5+ Kh7 52. Rxg7+ Kh8 53. Rb7 Rxf3+ 54. Kxf3 Bc6+ 55. Kf4 Bxb7 56. g5 fxg5+ 57. Kxg5 a5 58. Nd6 Ba6 59. Ne4 a4 60. Nc3 a3 61. Kf4 Kh7 62. Ke3 Kh6 63. Kd2 Bc4 64. Kc2 Kxh5 65. Kb1 Kg5 66. Ka1 Kf4 67. Nb1 Ba2 68. Nxa3 Bb1 69. Kxb1 Ke5 1/2-1/2

[Event "LTU-ch Rapid"]
[Site "Taujenai"]
[Date "2022.12.03"]
[Round "4"]
[White "Leclere, Daniel"]
[Black "Eigminas, Kipras"]
[Result "0-1"]
[WhiteElo "1880"]
[BlackElo "2125"]
[PlyCount "45"]
[EventDate "2022.12.03"]
[EventType "swiss (rapid)"]
[EventRounds "10"]
[EventCountry "LTU"]
[SourceTitle "CBM 211 Extra"]
[Source "ChessBase"]
[SourceDate "2023.01.31"]
[SourceVersion "1"]
[SourceVersionDate "2023.01.31"]
[SourceQuality "1"]

1. e4 c5 2. Nf3 d6 3. d4 cxd4 4. Nxd4 Nf6 5. Nc3 g6 6. Be3 Bg7 7. Qd2 Ng4 8. Bg5 Nc6 9. Nb3 Be6 10. h3 Nge5 11. Nd5 h6 12. Be3 Nd7 13. c3 Rc8 14. Nd4 Bxd5 15. exd5 Nce5 16. b3 Nf6 17. c4 Ne4 18. Qb4 0-0 19. Be2 a5 20. Qxb7 Nc5 21. Qb5 Rb8 22. Qb7 Ne4 23. Qb5 0-1

[Event "Plunge op-A 41st"]
[Site "Plateliai"]
[Date "2022.07.22"]
[Round "7"]
[White "Levitsky, Andrey"]
[Black "Eigminas, Kipras"]
[Result "1-0"]
[WhiteElo "2320"]
[BlackElo "2091"]
[PlyCount "73"]
[EventDate "2022.07.18"]
[EventType "swiss"]
[EventRounds "9"]
[EventCountry "LTU"]
[SourceTitle "CBM 209 Extra"]
[Source "ChessBase"]
[SourceDate "2022.09.30"]
[SourceVersion "1"]
[SourceVersionDate "2022.09.30"]
[SourceQuality "1"]

1. e4 c5 2. Nf3 d6 3. d4 cxd4 4. Nxd4 Nf6 5. Nc3 g6 6. Be3 Bg7 7. f3 0-0 8. Qd2 Nc6 9. g4 h5 10. h3 d5 11. Nxc6 bxc6 12. 0-0-0 Qc7 13. g5 Nh7 14. exd5 Rd8 15. f4 cxd5 16. Nxd5 Rxd5 17. Qxd5 Bb7 18. Qc4 Qa5 19. Qb5 Qxb5 20. Bxb5 Bxh1 21. Rxh1 Rb8 22. a4 a6 23. Bxa6 Bxb2+ 24. Kd2 Nf8 25. Bb5 Ne6 26. c4 Ba3 27. Kc3 Bd6 28. a5 Nc7 29. Rb1 Kf8 30. Kc2 Ra8 31. Ra1 Na6 32. Bxa6 Rxa6 33. Kb3 Ke8 34. Ka4 Kd7 35. Kb5 Ra8 36. a6 Rb8+ 37. Bb6 1-0

[Event "Plunge op-A 41st"]
[Site "Plateliai"]
[Date "2022.07.21"]
[Round "5"]
[White "Eigminas, Kipras"]
[Black "Salna, Aleksandras"]
[Result "1/2-1/2"]
[WhiteElo "2091"]
[BlackElo "2165"]
[PlyCount "120"]
[EventDate "2022.07.18"]
[EventType "swiss"]
[EventRounds "9"]
[EventCountry "LTU"]
[SourceTitle "CBM 209 Extra"]
[Source "ChessBase"]
[SourceDate "2022.09.30"]
[SourceVersion "1"]
[SourceVersionDate "2022.09.30"]
[SourceQuality "1"]

1. e4 c5 2. Nf3 Nc6 3. d4 cxd4 4. Nxd4 Nf6 5. Nc3 e5 6. Ndb5 d6 7. Nd5 Nxd5 8. exd5 Nb8 9. a4 Be7 10. Be2 Nd7 11. 0-0 0-0 12. Kh1 a6 13. Na3 Nc5 14. Nc4 a5 15. Be3 b6 16. f3 Ba6 17. c3 Rc8 18. Bg1 Re8 19. b4 Nd7 20. Na3 Bxe2 21. Qxe2 Qc7 22. Nb5 Qc4 23. Qd2 Ra8 24. Na3 Qc7 25. Nb5 Qc4 26. Rfe1 Rec8 27. Re4 Qb3 28. bxa5 bxa5 29. Ra3 Qb1 30. Re1 Qg6 31. Na7 Re8 32. Qd1 Bg5 33. Ra2 h5 34. Rae2 h4 35. Qc2 f5 36. Nb5 Rac8 37. c4 Rf8 38. Rf1 Bf4 39. Na7 Rce8 40. Nc6 e4 41. fxe4 fxe4 42. Nxa5 Nc5 43. Nc6 Nd3 44. a5 Bg5 45. Rxf8+ Rxf8 46. a6 h3 47. a7 e3 48. Nb4 Nf2+ 49. Bxf2 hxg2+ 50. Kxg2 Qh5 51. Nc6 exf2 52. Rxf2 Rxf2+ 53. Qxf2 Qg4+ 54. Kf1 Qd1+ 55. Qe1 Qf3+ 56. Qf2 Qd1+ 57. Kg2 Qg4+ 58. Qg3 Qe2+ 59. Kh3 Qh5+ 60. Kg2 Qe2+ 1/2-1/2

[Event "LTU-ch sf"]
[Site "Vilnius"]
[Date "2022.04.13"]
[Round "9"]
[White "Sarauskas, Andrius"]
[Black "Eigminas, Kipras"]
[Result "1/2-1/2"]
[WhiteElo "1935"]
[BlackElo "2107"]
[PlyCount "78"]
[EventDate "2022.04.08"]
[EventType "swiss"]
[EventRounds "9"]
[EventCountry "LTU"]
[SourceTitle "CBM 207 Extra"]
[Source "ChessBase"]
[SourceDate "2022.05.31"]
[SourceVersion "1"]
[SourceVersionDate "2022.05.31"]
[SourceQuality "1"]

1. Nf3 c5 2. g3 Nc6 3. Bg2 g6 4. e4 Bg7 5. d3 e6 6. 0-0 Nge7 7. c3 d5 8. Re1 0-0 9. Nbd2 b5 10. exd5 exd5 11. Nb3 c4 12. Nbd4 Rb8 13. Bg5 Qd7 14. Nxc6 Nxc6 15. Bf4 Rb6 16. d4 b4 17. Ne5 Nxe5 18. Bxe5 bxc3 19. bxc3 Bh6 20. Qf3 Bb7 21. Rab1 Qc6 22. Rxb6 axb6 23. Rb1 Bg5 24. h4 Be7 25. Re1 Re8 26. Bf4 Bd8 27. Re3 b5 28. Bh6 Rxe3 29. Qxe3 Qe6 30. Qf4 Qe7 31. Qb8 Qc7 32. Qa7 Bc6 33. Qa3 Be7 34. Bf4 Qb7 35. Bd6 Bf6 36. Qa5 Qd7 37. Bb4 h5 38. Qb6 Bg7 39. Qc5 Kh7 1/2-1/2

[Event "LTU-ch sf"]
[Site "Kaunas"]
[Date "2021.09.28"]
[Round "7"]
[White "Eigminas, Kipras"]
[Black "Morkunas, Gustas"]
[Result "1-0"]
[WhiteElo "2140"]
[BlackElo "1885"]
[PlyCount "75"]
[EventDate "2021.09.24"]
[EventType "swiss"]
[EventRounds "8"]
[EventCountry "LTU"]
[SourceTitle "EXT 2023"]
[Source "ChessBase"]
[SourceDate "2022.10.05"]
[SourceVersion "1"]
[SourceVersionDate "2022.10.05"]
[SourceQuality "1"]

1. e4 c5 2. Nf3 e6 3. d4 cxd4 4. Nxd4 a6 5. c4 Qc7 6. Nc3 Nf6 7. a3 d6 8. Be3 b6 9. Be2 Bb7 10. f3 Nbd7 11. 0-0 Be7 12. Rc1 0-0 13. b4 Rac8 14. Qe1 Rfe8 15. Qg3 Qb8 16. Rfd1 Bd8 17. Kh1 Kh8 18. Qf2 Bc7 19. Qg1 Qa8 20. Na4 d5 21. exd5 exd5 22. c5 bxc5 23. bxc5 Bc6 24. Nxc6 Qxc6 25. Nb6 Rb8 26. Bxa6 Nxc5 27. Rxc5 Qxb6 28. Bb5 Red8 29. a4 Qd6 30. Rc6 Qe5 31. Re1 Bd6 32. Ba7 Qf4 33. Bxb8 Bxb8 34. Rf1 d4 35. g3 Qf5 36. Qf2 Nd5 37. Qxd4 Bxg3 38. Qg4 1-0

[Event "LTU-ch sf"]
[Site "Kaunas"]
[Date "2021.09.27"]
[Round "6"]
[White "Povilaitis, Tomas"]
[Black "Eigminas, Kipras"]
[Result "1-0"]
[WhiteElo "1973"]
[BlackElo "2140"]
[PlyCount "93"]
[EventDate "2021.09.24"]
[EventType "swiss"]
[EventRounds "8"]
[EventCountry "LTU"]
[SourceTitle "EXT 2023"]
[Source "ChessBase"]
[SourceDate "2022.10.05"]
[SourceVersion "1"]
[SourceVersionDate "2022.10.05"]
[SourceQuality "1"]

1. e4 c5 2. Nc3 Nc6 3. Bb5 Nd4 4. Bc4 Nf6 5. Nge2 a6 6. d3 b5 7. Bb3 Nxb3 8. axb3 Bb7 9. 0-0 e6 10. f4 Qb6 11. Kh1 Qc6 12. f5 b4 13. Na4 Be7 14. fxe6 fxe6 15. Nf4 0-0 16. c3 e5 17. Nh3 d5 18. exd5 Nxd5 19. Rxf8+ Rxf8 20. Qe2 Qg6 21. Bd2 Nf4 22. Bxf4 exf4 23. Ng1 Bd6 24. Re1 Bd5 25. c4 Bf7 26. Nf3 Re8 27. Qd2 Rxe1+ 28. Nxe1 Qf6 29. Nf3 g5 30. d4 g4 31. dxc5 Bc7 32. Qd4 Qe7 33. Ng1 h5 34. Nb6 Be5 35. Qe4 f3 36. gxf3 Qg5 37. fxg4 hxg4 38. Nd7 Bc7 39. Qxg4 Qxg4 40. Nf6+ Kg7 41. Nxg4 Bg6 42. Nf3 Bf4 43. Nfe5 Be4+ 44. Kg1 Kf8 45. c6 Ke7 46. c7 Bb7 47. Ng6+ 1-0

[Event "LTU-ch Rapid op"]
[Site "Vilnius"]
[Date "2021.07.17"]
[Round "5"]
[White "Eigminas, Kipras"]
[Black "Pultinevicius, Paulius"]
[Result "0-1"]
[WhiteElo "2223"]
[BlackElo "2519"]
[PlyCount "88"]
[EventDate "2021.07.17"]
[EventType "swiss (rapid)"]
[EventRounds "9"]
[EventCountry "LTU"]
[SourceTitle "EXT 2023"]
[Source "ChessBase"]
[SourceDate "2022.10.05"]
[SourceVersion "1"]
[SourceVersionDate "2022.10.05"]
[SourceQuality "1"]

1. e4 c6 2. Nc3 d5 3. Nf3 Bg4 4. h3 Bxf3 5. Qxf3 e6 6. g3 Nd7 7. d4 Qb6 8. Qd3 Ngf6 9. Bg2 dxe4 10. Nxe4 Nxe4 11. Bxe4 Rd8 12. c3 c5 13. Be3 cxd4 14. Bxd4 Bc5 15. 0-0 Bxd4 16. Qxd4 Qxd4 17. cxd4 b6 18. Rac1 Nf6 19. Bc6+ Ke7 20. Bb5 Nd5 21. Rc4 Rd6 22. Rfc1 Rhd8 23. Kg2 Kf6 24. Kf3 a5 25. a3 Ne7 26. Rc7 Nf5 27. Kg2 Nxd4 28. Bf1 R6d7 29. Rxd7 Rxd7 30. Rc8 h6 31. Rb8 Rd6 32. Rb7 Nb3 33. Bb5 Nc5 34. Rc7 Rd2 35. Be8 Rxb2 36. Rxf7+ Ke5 37. Rxg7 Ra2 38. a4 Ne4 39. Bc6 Rxf2+ 40. Kg1 Rc2 41. Bb5 Nc3 42. Rb7 Nxb5 43. axb5 a4 44. Rxb6 a3 0-1

[Event "LTU-chT"]
[Site "Lithuania"]
[Date "2021.05.09"]
[Round "4.1"]
[White "Eigminas, Kipras"]
[Black "Klabis, Rokas"]
[Result "1/2-1/2"]
[WhiteElo "2095"]
[BlackElo "2329"]
[PlyCount "116"]
[EventDate "2021.05.07"]
[EventType "team-swiss"]
[EventRounds "7"]
[EventCountry "LTU"]
[SourceTitle "CBM 202 Extra"]
[Source "ChessBase"]
[SourceDate "2021.07.31"]
[SourceVersion "1"]
[SourceVersionDate "2021.07.31"]
[SourceQuality "1"]
[WhiteTeam "Vilnius BTT Cloud"]
[BlackTeam "Vilnius MRU"]
[WhiteTeamCountry "LTU"]
[BlackTeamCountry "LTU"]

1. e4 e5 2. Nf3 Nc6 3. Bb5 Nge7 4. 0-0 Ng6 5. d4 exd4 6. Nxd4 Bc5 7. Nf5 0-0 8. Qh5 d6 9. Bg5 f6 10. Bc4+ Kh8 11. Be3 Nge5 12. Qe2 g6 13. Bxc5 dxc5 14. Ne3 Nd4 15. Qd1 Nxc4 16. Nxc4 b6 17. Re1 Bb7 18. Nba3 Qe8 19. c3 Ne6 20. Qe2 Qc6 21. f3 Rae8 22. Rad1 Ng5 23. Qe3 Re7 24. Qf4 Ne6 25. Qh4 Rg7 26. Qf2 Nf4 27. Qg3 Nh5 28. Qh4 Qe8 29. Ne3 g5 30. Qf2 Bc8 31. Nf5 Rd7 32. Rxd7 Bxd7 33. g3 Be6 34. b3 Qd7 35. c4 Rd8 36. Nb5 Ng7 37. g4 c6 38. Nc3 Bf7 39. Nxg7 Kxg7 40. h4 gxh4 41. Rd1 Qc7 42. Qxh4 Rxd1+ 43. Nxd1 Qf4 44. Kg2 b5 45. cxb5 cxb5 46. Qf2 Qc1 47. Ne3 Be6 48. f4 c4 49. bxc4 bxc4 50. e5 c3 51. f5 Bxa2 52. exf6+ Kxf6 53. Qh4+ Ke5 54. Qe7+ Kd4 55. Qxa7+ Kd3 56. Qa6+ Ke4 57. Qc6+ Kd3 58. Qa6+ Ke4 1/2-1/2

[Event "Plunge op 40th"]
[Site "Plateliai"]
[Date "2020.07.18"]
[Round "8"]
[White "Eigminas, Kipras"]
[Black "Vingris, Mikelis"]
[Result "1-0"]
[WhiteElo "2116"]
[BlackElo "1641"]
[PlyCount "113"]
[EventDate "2020.07.13"]
[EventType "swiss"]
[EventRounds "9"]
[EventCountry "LTU"]
[SourceTitle "CBM 197 Extra"]
[Source "ChessBase"]
[SourceDate "2020.09.30"]
[SourceVersion "1"]
[SourceVersionDate "2020.09.30"]
[SourceQuality "1"]

1. g3 c5 2. Bg2 d6 3. c4 Nf6 4. Nc3 g6 5. e3 Bg7 6. Nge2 0-0 7. 0-0 Qc7 8. b3 Bd7 9. d4 cxd4 10. exd4 Bc6 11. d5 Bd7 12. Bb2 a5 13. Nd4 Na6 14. Re1 Rfe8 15. Qd2 Nc5 16. Rac1 Qb6 17. Ncb5 Ng4 18. Rcd1 Ne5 19. Bc3 h5 20. h3 Bc8 21. Qe2 Na6 22. Kh2 Nd7 23. f4 Nf8 24. f5 Bd7 25. fxg6 fxg6 26. Rf1 Nc7 27. Qf3 Bf6 28. Nxc7 Qxc7 29. Ne2 Nh7 30. Qd3 Bf5 31. Be4 Bxe4 32. Qxe4 Kg7 33. Nf4 Nf8 34. Bd4 Qd7 35. g4 hxg4 36. hxg4 Rec8 37. g5 Bxd4 38. Qxd4+ Kg8 39. Rd3 Qg4 40. Rg3 Qf5 41. Rh3 Kf7 42. Rf2 Ke8 43. Nd3 Qxg5 44. Rxf8+ Kd7 45. Rxc8 Rxc8 46. Qf4 Qxf4+ 47. Nxf4 Rf8 48. Kg3 Rf5 49. Kg4 Re5 50. Nxg6 Re2 51. a4 Re1 52. Rh7 Rg1+ 53. Kf5 Rf1+ 54. Ke4 Re1+ 55. Kd3 b6 56. Nf8+ Ke8 57. Ne6 1-0

[Event "Plunge op 40th"]
[Site "Plateliai"]
[Date "2020.07.14"]
[Round "3"]
[White "Sakalauskas, Vaidas"]
[Black "Eigminas, Kipras"]
[Result "1-0"]
[WhiteElo "2335"]
[BlackElo "2116"]
[PlyCount "81"]
[EventDate "2020.07.13"]
[EventType "swiss"]
[EventRounds "9"]
[EventCountry "LTU"]
[SourceTitle "CBM 197 Extra"]
[Source "ChessBase"]
[SourceDate "2020.09.30"]
[SourceVersion "1"]
[SourceVersionDate "2020.09.30"]
[SourceQuality "1"]

1. d4 Nf6 2. c4 c5 3. d5 g6 4. Nc3 Bg7 5. e4 d6 6. Bd3 0-0 7. h3 e6 8. Nf3 Nbd7 9. 0-0 e5 10. Re1 h6 11. Be3 Nh7 12. Qc2 Kh8 13. Rab1 b6 14. a3 Ndf6 15. b4 Nh5 16. bxc5 bxc5 17. Qd2 f5 18. Qd1 f4 19. Bd2 g5 20. Nh2 N5f6 21. Be2 Rf7 22. Rb3 Bf8 23. Qc2 h5 24. f3 g4 25. fxg4 hxg4 26. hxg4 Ng5 27. Bf3 Rh7 28. Nd1 Be7 29. Nf2 Qf8 30. Bd1 Bd8 31. Nf3 Nxf3+ 32. Bxf3 Nd7 33. Nh3 Qg7 34. Reb1 Nb6 35. Be1 Bd7 36. Rd3 Bc7 37. Nxf4 Bxg4 38. Bxg4 Qxg4 39. Ne6 Qxe4 40. Ng5 Qxc4 41. Rc3 1-0

[Event "EU-ch Online U2300 Qual"]
[Site "Chess.com INT"]
[Date "2020.05.25"]
[Round "5"]
[White "Curtacci, Sergio"]
[Black "Eigminas, Kipras"]
[Result "1-0"]
[WhiteElo "2038"]
[BlackElo "2116"]
[PlyCount "73"]
[EventDate "2020.05.25"]
[EventType "swiss"]
[EventRounds "8"]
[EventCountry "NET"]
[SourceTitle "EXT 2021"]
[Source "ChessBase"]
[SourceDate "2020.10.23"]
[SourceVersion "1"]
[SourceVersionDate "2020.10.23"]
[SourceQuality "1"]

1. d4 Nf6 2. Nf3 g6 3. e3 Bg7 4. Bd3 0-0 5. Nbd2 c5 6. c3 b6 7. 0-0 Bb7 8. Qe2 d6 9. e4 Nfd7 10. Re1 e6 11. Nf1 Nc6 12. Bf4 cxd4 13. cxd4 Nxd4 14. Nxd4 Bxd4 15. Bxd6 Nc5 16. Bxc5 bxc5 17. Rad1 e5 18. Ne3 Rb8 19. b3 Bc6 20. h3 a5 21. Bc4 a4 22. g3 axb3 23. axb3 Bxe4 24. Ng4 Bf5 25. Nh6+ Kh8 26. Nxf7+ Rxf7 27. Bxf7 Bxh3 28. Bc4 Qg5 29. Rd3 Bg4 30. Qa2 Bf5 31. Qa7 Rd8 32. Rxd4 cxd4 33. Rxe5 d3 34. Re7 Qc1+ 35. Kh2 Qh6+ 36. Kg1 g5 37. Qa1+ 1-0

[Event "EU-ch Online U2300 Qual"]
[Site "Chess.com INT"]
[Date "2020.05.25"]
[Round "4"]
[White "Eigminas, Kipras"]
[Black "Bulau, Andrei Cristian"]
[Result "1-0"]
[WhiteElo "2116"]
[BlackElo "2199"]
[PlyCount "75"]
[EventDate "2020.05.25"]
[EventType "swiss"]
[EventRounds "8"]
[EventCountry "NET"]
[SourceTitle "EXT 2021"]
[Source "ChessBase"]
[SourceDate "2020.10.23"]
[SourceVersion "1"]
[SourceVersionDate "2020.10.23"]
[SourceQuality "1"]

1. e4 c5 2. Nf3 Nc6 3. d4 cxd4 4. Nxd4 Nf6 5. Nc3 e5 6. Ndb5 d6 7. Nd5 Nxd5 8. exd5 Nb8 9. a4 Be7 10. Be2 0-0 11. 0-0 a6 12. Na3 f5 13. f4 Bf6 14. Nc4 Nd7 15. Kh1 Qc7 16. a5 b5 17. axb6 Nxb6 18. fxe5 Nxc4 19. exf6 Rxf6 20. Qd4 Ne5 21. c4 Bb7 22. b4 Rc8 23. Bg5 Rg6 24. Rxf5 Nxc4 25. Rc1 Qd7 26. Bg4 Ne5 27. Rf8+ Kxf8 28. Bxd7 Rxc1+ 29. Bxc1 Nxd7 30. Bf4 Ke7 31. Kg1 Kd8 32. g3 Kc7 33. Qc4+ Kb8 34. h4 Nb6 35. Qe4 Nxd5 36. Qe8+ Ka7 37. Bg5 Nc7 38. Be3# 1-0

[Event "Bialystok Zamenhof Memorial 38th"]
[Site "Bialystok"]
[Date "2019.12.28"]
[Round "4"]
[White "Eigminas, Kipras"]
[Black "Kirilin, Dmitrij"]
[Result "1-0"]
[WhiteElo "2127"]
[BlackElo "2015"]
[PlyCount "125"]
[EventDate "2019.12.27"]
[EventType "swiss"]
[EventRounds "9"]
[EventCountry "POL"]
[SourceTitle "CBM 194 Extra"]
[Source "ChessBase"]
[SourceDate "2020.03.31"]
[SourceVersion "1"]
[SourceVersionDate "2020.03.31"]
[SourceQuality "1"]

1. e4 c5 2. Nf3 d6 3. d4 cxd4 4. Nxd4 Nf6 5. Nc3 a6 6. Bc4 e6 7. 0-0 Be7 8. a4 0-0 9. Qf3 Qc7 10. Bb3 Nc6 11. Nxc6 bxc6 12. Qg3 e5 13. a5 Rb8 14. Qd3 Bb7 15. Be3 d5 16. f4 dxe4 17. Qc4 c5 18. fxe5 Qxe5 19. Bf4 Qd4+ 20. Qxd4 cxd4 21. Bxb8 Rxb8 22. Na4 Bb4 23. Rfd1 d3 24. cxd3 e3 25. Nc3 Ng4 26. d4 Re8 27. Bc4 h5 28. Rf1 Re7 29. Be2 Nf2 30. Ra4 Bd6 31. Bxh5 Nd3 32. Be2 Nf4 33. d5 g5 34. Re1 f5 35. Rc4 Be5 36. g3 Nh3+ 37. Kg2 g4 38. Bd1 Bxc3 39. Rxc3 Bxd5+ 40. Kf1 Rb7 41. b3 Kg7 42. Rexe3 Ng5 43. Rc5 Rd7 44. Bc2 Bf3 45. Rxf5 Nh3 46. Ke1 Rc7 47. Kd2 Nf2 48. b4 Rb7 49. Kc3 Rd7 50. b5 axb5 51. Rxb5 Rc7+ 52. Kb3 Rc6 53. Rb6 Bd5+ 54. Kb2 Rc5 55. a6 Rc7 56. Re2 Nh3 57. Re5 Bf3 58. Be4 Nf2 59. Rg5+ Kf7 60. Bd5+ Ke7 61. Rg7+ Kd8 62. Rd6+ Kc8 63. Rg8# 1-0